000 00469nam a2200193Ia 4500
005 20250423095814.0
008 250422s9999 xx 000 0 und d
020 _a0-07-246750-9
050 _aQA 76 .P367/
100 _aYale N. Patt
245 0 _aIntroduction To Computing System
250 _a2nd ed.
260 _aTexas
260 _bMcGraw-Hill Book Company
260 _c2001
300 _a632 p
650 _aComputer Programming Language
942 _cBK
999 _c31383
_d31383